Indian States with a Higher Population than the United Kingdom - Statistics

General Stats
  • This quiz has been taken 36 times
  • The average score is 3 of 6
Answers on the Grid
Answers color-coded by a green-red scale on the quiz's grid according to % correct below.
Andhra Pradesh
Bihar
Gujarat
Karnataka
Kerala
Madhya Pradesh
Maharashtra
Odissa
Rajasthan
Tamil Nadu
Telangana
Uttar Pradesh
West Bengal
 
Answer Stats
Answer % Correct
Maharashtra
57%
Uttar Pradesh
57%
Tamil Nadu
50%
West Bengal
50%
Bihar
43%
Madhya Pradesh
29%
No matching quizzes found
Score Distribution
Percent of People with Each Score
Percentile by Number Answered
Your Score History
You have not taken this quiz